Horizontes. (Registro nro. 43220)
[ vista simple ]
| 000 -CABECERA | |
|---|---|
| campo de control de longitud fija | 00939cas a2200241 a 4500 |
| 001 - NÚMERO DE CONTROL | |
| campo de control | 000043731 |
| 005 - FECHA Y HORA DE LA ÚLTIMA TRANSACCIÓN | |
| campo de control | 20260128151448.0 |
| 008 - DATOS DE LONGITUD FIJA--INFORMACIÓN GENERAL | |
| campo de control de longitud fija | 980720c19839999dr mr pdd 0 z0spa d |
| 040 ## - FUENTE DE LA CATALOGACIÓN | |
| Centro catalogador/agencia de origen | DO-SdBNP |
| Lengua de catalogación | spa |
| Centro/agencia transcriptor | BNPHU |
| 043 ## - CÓDIGO DE ÁREA GEOGRÁFICA | |
| Código de área geográfica | nwdr |
| 245 00 - MENCIÓN DE TÍTULO | |
| Título | Horizontes. |
| 260 ## - PUBLICACIÓN, DISTRIBUCIÓN, ETC. | |
| Lugar de publicación, distribución, etc. | Sonador, Monseñor Nouel, República Dominicana : |
| Nombre del editor, distribuidor, etc. | Universidad Adventista Dominicana, |
| Fecha de publicación, distribución, etc. | 1983-. |
| 300 ## - DESCRIPCIÓN FÍSICA | |
| Extensión | v. - : |
| Otras características físicas | il. ; |
| Dimensiones | 28 cm. |
| 310 ## - PERIODICIDAD ACTUAL | |
| Periodicidad actual | Mensual |
| 362 1# - FECHAS DE PUBLICACIÓN Y/O DESIGNACIÓN SECUENCIAL | |
| Fecha de publicación y/o designación secuencial | Inicia con: Año.3, no.4 (Diciembre, 1983). |
| 500 ## - NOTA GENERAL | |
| Nota general | Descripción basada en: Año.1, no.1 (Diciembre, 1983). |
| 500 ## - NOTA GENERAL | |
| Nota general | Editor:1983, Luis M. Gregorio L. |
| 650 #0 - PUNTO DE ACCESO ADICIONAL DE MATERIA--TÉRMINO DE MATERIA | |
| Término de materia o nombre geográfico como elemento de entrada | Educación superior |
| Subdivisión geográfica | República Dominicana |
| Subdivisión de forma | Publicaciones periódicas |
| 9 (RLIN) | 33425 |
| 650 #4 - PUNTO DE ACCESO ADICIONAL DE MATERIA--TÉRMINO DE MATERIA | |
| Término de materia o nombre geográfico como elemento de entrada | Vida universitaria |
| Subdivisión de forma | PUBLICACIONES PERIÓDICAS |
| 9 (RLIN) | 71547 |
| 651 #4 - PUNTO DE ACCESO ADICIONAL DE MATERIA--NOMBRE GEOGRÁFICO | |
| Nombre geográfico | República Dominicana |
| Subdivisión general | Publicaciones Periódicas |
| 9 (RLIN) | 33494 |
| 700 1# - PUNTO DE ACCESO ADICIONAL--NOMBRE DE PERSONA | |
| Nombre de persona | Gregorio L., Luis M., |
| Término indicativo de función/relación | ed. |
| 9 (RLIN) | 71548 |
| 710 2# - PUNTO DE ACCESO ADICIONAL--NOMBRE DE ENTIDAD CORPORATIVA | |
| Nombre de entidad corporativa o nombre de jurisdicción como elemento de entrada | Universidad Adventista Dominicana |
| 9 (RLIN) | 71549 |
No hay ítems disponibles.
